Online
Catalog

I Feria Regional del Libro Pedro Francisco Bono : (Record no. 52563)

MARC details
000 -CABECERA
campo de control de longitud fija 01157nam a2200265 a 4500
001 - NÚMERO DE CONTROL
campo de control 000040943
003 - IDENTIFICADOR DEL NÚMERO DE CONTROL
campo de control DO-SdBNP
005 - FECHA Y HORA DE LA ÚLTIMA TRANSACCIÓN
campo de control 20221018134318.0
007 - CAMPO FIJO DE DESCRIPCIÓN FÍSICA--INFORMACIÓN GENERAL
campo de control de longitud fija ta
008 - DATOS DE LONGITUD FIJA--INFORMACIÓN GENERAL
campo de control de longitud fija 130911s1989 dr c 000 0 spa d
040 ## - FUENTE DE LA CATALOGACIÓN
Centro catalogador/agencia de origen DO-SdBNP
Lengua de catalogación spa
Centro/agencia transcriptor BNPHU
082 ## - NÚMERO DE LA CLASIFICACIÓN DECIMAL DEWEY
Número de clasificación 021.7
Número de documento/Ítem F356
111 2# - ENTRADA PRINCIPAL--NOMBRE DE CONGRESO/REUNIÓN
Nombre de congreso/reunión o jurisdicción como elemento de entrada Feria Regional del Libro Pedro Francisco Bono
Número del congreso/reunión o número de parte o sección (1a. :
Fecha del congreso/reunión 1989 : del 25 al 30 de julio
9 (RLIN) 67370
245 10 - MENCIÓN DE TÍTULO
Título I Feria Regional del Libro Pedro Francisco Bono :
Resto del título programa.
246 13 - FORMA VARIANTE DE TÍTULO
Título propio/Titulo breve Primera Feria Regional del Libro San Francisco de Macorís
260 ## - PUBLICACIÓN, DISTRIBUCIÓN, ETC.
Lugar de publicación, distribución, etc. San Francisco de Macorís :
Nombre del editor, distribuidor, etc. Comisión Organizadora Permanente de la Feria Nacional del Libro,
Fecha de publicación, distribución, etc. 1989.
300 ## - DESCRIPCIÓN FÍSICA
Extensión 23 p. ;
Dimensiones 22 cm.
590 ## - NOTA LOCAL (RLIN)
Nota local Inventariado, 2022 / DG
611 24 - PUNTO DE ACCESO ADICIONAL DE MATERIA--NOMBRE DE REUNIÓN/CONGRESO
Nombre de congreso/reunión o jurisdicción como elemento de entrada FERIA REGIONAL DEL LIBRO
Número del congreso/reunión o número de parte o sección (1ª :
Fecha del congreso/reunión 1989 :
Sede del congreso/Lugar de la reunión San Francisco de Macorís(REPÚBLICA DOMINICANA)
Subdivisión general PROGRAMAS
9 (RLIN) 67371
650 #4 - PUNTO DE ACCESO ADICIONAL DE MATERIA--TÉRMINO DE MATERIA
Término de materia o nombre geográfico como elemento de entrada Industria del libro
Subdivisión geográfica República Dominicana
Subdivisión general Programas
9 (RLIN) 55292
650 #4 - PUNTO DE ACCESO ADICIONAL DE MATERIA--TÉRMINO DE MATERIA
Término de materia o nombre geográfico como elemento de entrada Feria del libro
Subdivisión geográfica San Francisco de Macorís (República Dominicana
Subdivisión cronológica 1989
Subdivisión general Programas
9 (RLIN) 67372
650 #4 - PUNTO DE ACCESO ADICIONAL DE MATERIA--TÉRMINO DE MATERIA
Término de materia o nombre geográfico como elemento de entrada Libros
Subdivisión general Exposiciones
Subdivisión geográfica San Francisco de Macorís (República Dominicana
9 (RLIN) 67373
910 ## - DATOS DE OPCIÓN DEL USUARIO (OCLC)
Datos de opción del usuario DG
942 ## - ELEMENTOS DE PUNTO DE ACCESO ADICIONAL (KOHA)
Fuente del sistema de clasificación o colocación Dewey Decimal Classification
Tipo de ítem Koha Folleto
Holdings
Estado de retiro Estado de pérdida Fuente del sistema de clasificación o colocación Restricciones de uso No para préstamo Código de colección Localización permanente Ubicación/localización actual Ubicación en estantería Fecha de adquisición Total de préstamos Signatura topográfica completa Código de barras Fecha visto por última vez Precio válido a partir de Tipo de ítem Koha
    Dewey Decimal Classification Excluido de préstamo   Dominicana Folletos Biblioteca Nacional Pedro Henríquez Ureña Biblioteca Nacional Pedro Henríquez Ureña En catalogación 18.10.2022   BNPHU PD 021.7 F356 2022-4371 18.10.2022 18.10.2022 Folleto

Powered by Koha